Villes les plus cyclables de France - Statistiques

Statistiques générales
  • Ce quiz a été pris 47 fois
  • Le résultat moyen est 9 sur 20
Statistiques - réponses
Classement Ville % Correct
3 Paris
96%
8 Rennes
91%
9 Lyon
89%
20 Bordeaux
87%
1 Strasbourg
87%
10 Toulouse
76%
7 Grenoble
69%
11 Montpellier
69%
16 Caen
38%
2 Orléans
38%
4 La Rochelle
36%
12 Bayonne
31%
19 Colmar
22%
18 Vannes
13%
15 Versailles
13%
13 Narbonne
4%
17 Boulogne-sur-Mer
0%
14 Cherbourg-en-Cotentin
0%
5 Haguenau
0%
6 Thionville
0%
Aucun quiz correspondant
Distribution des résultats
% des personnes avec chaque résultat
Percentile par nombre de réponses
Votre historique - résultats
Vous n’avez pas pris ce quiz